| 000 | 00366nam a22001097a 4500 | ||
|---|---|---|---|
| 008 | 150923b xxu||||| |||| 00| 0 eng d | ||
| 020 | _a0821318691. | ||
| 082 | _a338.0967 RIV | ||
| 100 |
_aRIVERSON JOHN, _bJUAN GAVIRIA,SYDNEY THRISCUTT |
||
| 245 |
_aRURAL ROADS IN SUB-SAHARAN AFRICA: _bLESSONS FROM WORLD BANK EXPERINCE |
||
| 260 |
_aWASHINGTON,D.C: _bTHE WORLD BANK _c1991. |
||
| 999 |
_c3221 _d3221 |
||